Código del trabajo: edición actualizada, revisada por nuestra comisión de códigos y por el Ministerio de Justicia, estrictamente conforme a las disposiciones legales publicadas en el Diario Oficial
Guardat en:
| Format: | Llibre |
|---|---|
| Idioma: | espanyol |
| Publicat: |
Santiago, Chile
Jurídica de Chile
2006
|
| Edició: | Décima edición |
| Matèries: | |
| Etiquetes: |
Afegir etiqueta
Sense etiquetes, Sigues el primer a etiquetar aquest registre!
|
MARC
| LEADER | 00000nam a2200000 a 4500 | ||
|---|---|---|---|
| 001 | UCI6243 | ||
| 003 | CL-VaPUC | ||
| 005 | 20240819132150.0 | ||
| 008 | 080425e20060000CL |||||||||||||||||spa|d | ||
| 999 | |c 329771 |d 329769 | ||
| 020 | |a 9561017032 | ||
| 040 | |c Pontificia Universidad Católica de Valparaíso | ||
| 082 | 0 | 4 | |a 344.8301 COD 2006 |2 21 |
| 245 | 1 | 0 | |a Código del trabajo: edición actualizada, revisada por nuestra comisión de códigos y por el Ministerio de Justicia, estrictamente conforme a las disposiciones legales publicadas en el Diario Oficial |
| 250 | |a Décima edición | ||
| 260 | 0 | 3 | |a Santiago, Chile |b Jurídica de Chile |c 2006 |
| 300 | |a 893 páginas | ||
| 500 | |a Edición actualizada al 30 de Junio de 2006 | ||
| 583 | |a last modification |c 20170801 04:43:57 |k Rodrigo Vera | ||
| 650 | 0 | |a Código del trabajo |9 255479 | |
| 650 | 7 | |a DERECHO LABORAL |2 CL-VaPUC |9 15 | |
| 650 | 0 | |a Salarios |9 255321 | |
| 650 | 0 | |a Asignación familiar |9 344930 | |
| 650 | 0 | |a Accidentes de trabajo |9 254901 | |
| 650 | 0 | |a Pobreza |9 258652 | |
| 651 | 7 | |a CHILE |2 CL-VaPUC |9 528974 | |
| 942 | |c BK |2 ddc | ||
| 945 | |d 20080425 00:00:00 |a jtorresc | ||